000 00661nam a2200241Ia 4500
003 OSt
005 20220918180809.0
006 a|||||r|||| 00| 0
007 ta
008 220917b |||||||| |||| 00| 0 eng d
024 _a24,206
037 _cTextual
040 _aARTS
_cARTS
_beng
041 _2eng
_aeng
082 _aO111,1K:g, K8
100 _aChernaik Warren L
_957140
245 0 _aPoetry of limitation
_b astudy of Edmund Waller
260 _aLondon
_bYale Univ Press
_c1968
300 _aix,236p.
_ccm.
650 _aENGLISH LITERATURE
942 _hO111,1K:g, K8
_cTEXL
_2CC
999 _c163184
_d163184